000
00260nam a22000977a 4500
008
221103b |||||||| |||| 00| 0 eng d
020
_a
9789388969725
100
_a
Anderson Christian Hans
_9
7611
245
_a
Fairy Tales
260
_a
New Delhi
_b
Prakash Books
_c
2019
999
_c
12120
_d
12120